Loading...
| Current Events | 3 | 13.33 | 100% | 33% | 0% |
| Fine Arts - Classical Music | 5 | 8.00 | 60% | 20% | 0% |
| Fine Arts - Other | 8 | 7.50 | 63% | 13% | 0% |
| Fine Arts - Painting & Sculpture | 6 | 10.00 | 83% | 17% | 0% |
| Geography | 2 | 10.00 | 100% | 0% | 0% |
| History - American | 4 | 10.00 | 100% | 0% | 0% |
| History - European | 6 | 11.67 | 83% | 33% | 0% |
| History - Other | 8 | 17.50 | 88% | 63% | 25% |
| History - World | 5 | 8.00 | 40% | 40% | 0% |
| Literature - American | 7 | 10.00 | 86% | 14% | 0% |
| Literature - British | 4 | 7.50 | 50% | 25% | 0% |
| Literature - European | 4 | 5.00 | 50% | 0% | 0% |
| Literature - World | 6 | 11.67 | 83% | 33% | 0% |
| Other Academic | 5 | 12.00 | 100% | 20% | 0% |
| Philosophy | 8 | 8.75 | 63% | 25% | 0% |
| Religion | 1 | 10.00 | 100% | 0% | 0% |
| Science - Biology | 4 | 15.00 | 100% | 25% | 25% |
| Science - Chemistry | 6 | 8.33 | 83% | 0% | 0% |
| Science - Other | 10 | 7.00 | 60% | 10% | 0% |
| Science - Physics | 6 | 8.33 | 83% | 0% | 0% |
| Social Science | 5 | 8.00 | 80% | 0% | 0% |